El debido proceso penal /

Guardado en:
Autor Principal: Bacigalupo, Enrique
Formato: Libro
Idioma:Spanish
Publicado: Buenos Aires : Hammurabi, 2005
Edición:1a. ed.
Materias:
Etiquetas: Agregar Etiqueta
Sin Etiquetas, Sea el primero en etiquetar este registro!
LEADER 00577nam a22001815a 4500
001 DER.der003712
008 180615s2005####ag#||||||||||||||#||spa||
005 20250528172010.0
245 1 0 |a El debido proceso penal /  |c Enrique Bacigalupo 
250 |a 1a. ed. 
260 |a Buenos Aires :  |b Hammurabi,  |c 2005 
300 |a 263 p. 
020 |a 9507412077 
100 1 |a Bacigalupo, Enrique 
650 7 |a DERECHO PROCESAL PENAL 
859 |a DERECHO  |b BIB. DERECHO  |h 345.05  |i BAC  |p 005291 
859 |a DERECHO  |b BIB. DERECHO  |h 345.05  |i BAC  |p 005292  |t 1 
859 |a DERECHO  |b BIB. DERECHO  |h 345.05  |i BAC  |p 005293  |t 2